A list of water colour materials manufactured by George Rowney $ Co. manufacturing. (Record no. 168728)

MARC details
000 -LEADER
campo de control de longitud fija 00588nam a22001695i 4500
001 - NÚMERO DE CONTROL
campo de control 168728
003 - IDENTIFICADOR DE NÚMERO DE CONTROL
campo de control ES-MaACL
005 - FECHA Y HORA DE LA ÚLTIMA TRANSACCIÓN
campo de control 20230906213854.0
008 - DATOS DE LONGITUD FIJA--INFORMACIÓN GENERAL
campo de control de longitud fija 080528q1871 xxk |||| | eng d
080 ## - NÚMERO DE LA CLASIFICACIÓN DECIMAL UNIVERSAL
Número de la Clasificación Decimal Universal 75.02
245 02 - MENCIÓN DEL TÍTULO
Título A list of water colour materials manufactured by George Rowney $ Co. manufacturing.
260 ## - PUBLICACIÓN, DISTRIBUCIÓN, ETC.
Lugar de publicación, distribución, etc. [London :
Nombre del editor, distribuidor, etc. Geo. Rowney & Co.,
Fecha de publicación, distribución, etc. 1871?]
300 ## - DESCRIPCIÓN FÍSICA
Extensión 37 p. :
Otras características físicas il. ;
Dimensiones 18 cm.
650 #4 - PUNTO DE ACCESO ADICIONAL DE MATERIA--TÉRMINO DE MATERIA
Término de materia o nombre geográfico como elemento de entrada Materiales para artistas.
9 (RLIN) 137816
710 2# - ENTRADA AGREGADA--NOMBRE DE ENTIDAD CORPORATIVA
Nombre de entidad corporativa o nombre de jurisdicción como elemento de entrada George Rowney and Co.
9 (RLIN) 174713
852 4# - LOCALIZACIÓN
Ubicación ES-MaACL
Número de control de estantería T-894-F-6
Nota libre - Enc. en un vol. facticio conservando cub. original
Holdings
Estatus retirado Estado de pérdida Estado de daño No para préstamo Colección Biblioteca de origen Biblioteca actual Ubicación en estantería Fecha de adquisición Fuente de adquisición Total de préstamos Signatura topográfica completa Código de barras Visto por última vez Precio de reemplazo Tipo de ítem Koha
        Colección de folletos Biblioteca del Ateneo de Madrid Biblioteca del Ateneo de Madrid Depósito folletos 28/05/2008     T-894-F-6 1177067 23/02/2023 23/02/2023 Folleto